| Tag |
First Indicator |
Second Indicator |
Subfields |
| LEADER |
00000cam a2200000Mi 4500 |
| 001 |
in00003570113 |
| 006 |
m o d |
| 007 |
cr mnu---uuaaa |
| 008 |
121227s1991 gw a o 000 0 eng |
| 005 |
20260422223859.2 |
| 020 |
|
|
|a 9783642767937 (electronic bk.)
|
| 020 |
|
|
|a 3642767931 (electronic bk.)
|
| 020 |
|
|
|z 9783642767951
|
| 020 |
|
|
|z 3642767958
|
| 035 |
|
|
|a (OCoLC)851783957
|
| 040 |
|
|
|a AU@
|b eng
|c AU@
|d OCLCO
|d OCLCQ
|d GW5XE
|d UtOrBLW
|
| 049 |
|
|
|a TXAM
|
| 050 |
|
4 |
|a HB1-846.8
|
| 072 |
|
7 |
|a KCA
|2 bicssc
|
| 072 |
|
7 |
|a BUS069030
|2 bisacsh
|
| 082 |
0 |
4 |
|a 330.1
|2 23
|
| 100 |
1 |
|
|a El-Hodiri, Mohamed Ali.
|
| 245 |
1 |
0 |
|a Extrema of Smooth Functions :
|b With Examples from Economic Theory /
|c by Mohamed Ali El-Hodiri.
|
| 264 |
|
1 |
|a Berlin, Heidelberg :
|b Springer Berlin Heidelberg,
|c 1991.
|
| 300 |
|
|
|a 1 online resource (xii, 197 pages 9 illustrations)
|
| 336 |
|
|
|a text
|b txt
|2 rdacontent
|
| 337 |
|
|
|a computer
|b c
|2 rdamedia
|
| 338 |
|
|
|a online resource
|b cr
|2 rdacarrier
|
| 520 |
|
|
|a This book presents a fairly complete account of the theory of optimization when both maximands and constraints are smooth functions of a finite number of variables. The theories of mathematical programming with scalar and with vector criteria are discussed. The book also provides a rigorous introduction to variational problems and clarifies many of the issues that have been clouded by the hasty application of mathematical results to economics. The theory of infinite-dimensional optimization is also surveyed. In addition, a lot of attention is paid to the history of optimization theory. Many examples are drawn from microeconomic theory and from the author's work on the applications of optimal control theory to dynamic and static economic theory. Numerous numerical and graphical illustrations are included.
|
| 500 |
|
|
|a Electronic resource.
|
| 650 |
|
0 |
|a Economics.
|
| 650 |
|
0 |
|a System theory.
|
| 650 |
|
0 |
|a Mathematical optimization.
|
| 655 |
|
7 |
|a Electronic books.
|2 local
|
| 710 |
2 |
|
|a SpringerLink (Online service)
|
| 776 |
1 |
8 |
|i Print version:
|z 9783642767951
|
| 856 |
4 |
0 |
|u http://proxy.library.tamu.edu/login?url=https://link.springer.com/10.1007/978-3-642-76793-7
|z Connect to the full text of this electronic book
|t 0
|
| 994 |
|
|
|a 92
|b TXA
|
| 999 |
|
|
|a MARS
|
| 999 |
f |
f |
|s 69f5c093-c89b-328a-ae37-0f58bce51a94
|i d2d7aee7-a221-37a7-8442-54ce0b7e6b72
|t 0
|
| 952 |
f |
f |
|a Texas A&M University
|b College Station
|c Electronic Resources
|s www_evans
|d Available Online
|t 0
|e HB1-846.8
|h Library of Congress classification
|
| 998 |
f |
f |
|a HB1-846.8
|t 0
|l Available Online
|